00645nam a22001697a 450000500170000001000130001702000260003003500120005603700130006808200110008124501170009224600920020926000530030127000590035430000260041370000360043920230608110730.0 aUR-12041 a9789391238988c350.00 aU-10596 bDBAD/PUB a840.08 aمثل چراغ تھا وہ /cمربتین - منصور احمد صدیقی اور غلام اشرف قادری aMisl-e-charagh tha woh /bcompiled by Mansoor Ahmad Siddiqui [and] Ghulam Ashraf Quadri aNew DelhibEducational Publishing Housec2021 ء aH.o. D1/16, Ansari Road, Darya GanjbNew Delhie110002 a280 صc22cm(Hb)  aقادری , غلام اشرف